00341nam a2200145Ia 4500003000400000005001700004008004100021040000700062041001200069082001900081100002000100245003000120260003700150365000800187OSt20250806151623.0210423s9999 xx 000 0 und d cAL aEnglish a303.372 bLOUC aStan Lourdusamy aChurch and social justice bC S A PublicationaChennaic2021 cINR